| 000 | 01710nam a2200469 i 4500 | ||
|---|---|---|---|
| 001 | 9256 | ||
| 003 | KOSZ 005 | ||
| 005 | 20221115093825.0 | ||
| 008 | 071014s1970 pl a f 001 0 pol | ||
| 015 | _aPB 1970/11505 | ||
| 035 | _a(PL-WaBN)b20008600-48omnis_nlop | ||
| 035 | _ab20008600 | ||
| 035 | _a(OCoLC)749507803 | ||
| 035 | _a(PL)b0000020008600 | ||
| 040 |
_aWA N _cWA N _dKOSZ 005/RW |
||
| 046 | _k1970 | ||
| 080 | _a612 | ||
| 080 | _a331.053 | ||
| 080 | _a331.021 | ||
| 100 | 1 |
_aKozłowski, Stanisław _d(1927-1985). _eAutor |
|
| 245 | 1 | 0 |
_aFizjologia wysiłków fizycznych : _bwprowadzenie do fizjologii klinicznej / _cStanisław Kozłowski ; współautorzy Henryk Kirschner, Krystyna Nazar i Lech Markiewicz. |
| 260 |
_aWarszawa : _bPaństwowy Zakład Wydawnictw Lekarskich, _c1970. |
||
| 300 |
_a218, [1] stron : _bilustracje ; _c23 cm. |
||
| 336 |
_aTekst _btxt _2rdacontent |
||
| 337 |
_aBez urządzenia pośredniczącego _bn _2rdamedia |
||
| 338 |
_aWolumin _bnc _2rdacarrier |
||
| 380 | _aKsiążki | ||
| 388 | _a1901-2000 | ||
| 504 | _aBibliografia na stronach 195-[210]. Indeks. | ||
| 650 | 7 |
_aWysiłek fizyczny _2DBN |
|
| 658 | _aMedycyna i zdrowie | ||
| 650 | 7 | _aBadania naukowe | |
| 650 | 7 | _aFizjologia | |
| 650 | 7 |
_aPraca fizyczna _2DBN |
|
| 700 | 1 |
_aKirschner, Henryk _d(1929- ). _eAutor |
|
| 700 | 1 |
_aMarkiewicz, Lech _d(1930-2012). _eAutor |
|
| 700 | 1 |
_aNazar, Krystyna _d(1939-2014). _eAutor |
|
| 710 | 2 |
_aWydawnictwo Lekarskie PZWL _4pbl |
|
| 856 |
_uhttp://koha.tu.koszalin.pl/cgi-bin/koha/opac-detail.pl?biblionumber=9256 _yKatalog online BPK |
||
| 942 |
_2UKD _cKS |
||
| 999 |
_c9256 _d9256 |
||